000 00512nam a2200157 a 4500
001 000046590
005 20201002053002.0
008 150908s1992 dr a r 000 0 spa d
040 _aDO-SdBNP
_bspa
_cBNPHU
082 _axxxx
_bR173l
100 1 _aRamírez de Tena, Ligia
_974569
245 1 3 _aEl lenguaje al servicio de la comunicación :
_beducación primaria 8vo. /
_cLigia Ramírez de Tena.
260 _aSanto Domingo :
_bDisesa,
_c1992.
300 _a142 p. :
_bil. ;
_c27 cm.
590 _aInventariado, 2018/BT
999 _c46079
_d46079